[Event "Pablo Gorbea Memorial 4th"]
[Site "Madrid"]
[Date "2000.06.10"]
[Round "1"]
[White "Timon Piote, Silvia"]
[Black "Galan Alcala, Antonio De Jesus"]
[Result "1-0"]
[WhiteElo "2255"]
[BlackElo "2248"]
[PlyCount "31"]
[EventDate "2000.06.10"]
[EventType "swiss"]
[EventRounds "9"]
[EventCountry "ESP"]
[SourceTitle "CBM 076 Extra"]
[Source "ChessBase"]
[SourceDate "2000.07.11"]
[SourceVersion "1"]
[SourceVersionDate "2000.07.11"]
[SourceQuality "1"]

1. c4 Nf6 2. Nc3 d5 3. cxd5 Nxd5 4. g3 c6 5. Bg2 Nf6 6. Nf3 Bf5 7. d3 Nbd7 8. 0-0 h6 9. d4 e6 10. Re1 Nb6 11. Ne5 Rc8 12. e4 Bh7 13. d5 cxd5 14. exd5 Rxc3 15. bxc3 Nfxd5 16. c4 1-0

[Event "Mexico City op"]
[Site "Mexico City"]
[Date "1991.??.??"]
[Round "2"]
[White "Galan Alcala, Antonio De Jesus"]
[Black "Sieiro Gonzalez, Luis"]
[Result "0-1"]
[WhiteElo "2215"]
[BlackElo "2390"]
[PlyCount "82"]
[EventDate "1991.07.??"]
[EventType "swiss"]
[EventRounds "11"]
[EventCountry "MEX"]
[SourceTitle "TD"]
[Source "ChessBase"]
[SourceDate "1994.03.01"]
[SourceVersion "1"]
[SourceVersionDate "1994.03.01"]
[SourceQuality "1"]

1. c4 e6 2. Nf3 d5 3. g3 Nf6 4. Bg2 Be7 5. 0-0 0-0 6. b3 c5 7. cxd5 exd5 8. d4 Nc6 9. Bb2 Re8 10. h3 Ne4 11. Na3 Bf6 12. Nc2 Bf5 13. Kh2 Rc8 14. Rc1 b5 15. Ne3 Be6 16. Ba1 c4 17. Ne5 Ne7 18. bxc4 bxc4 19. N5xc4 Nxg3 20. fxg3 dxc4 21. Rxf6 gxf6 22. d5 Bd7 23. Bxf6 Qb6 24. Bd4 Qg6 25. g4 Qd6+ 26. Kh1 Ng6 27. Qf1 Qf4 28. Qxf4 Nxf4 29. Rxc4 Rxc4 30. Nxc4 Nxg2 31. Kxg2 Rxe2+ 32. Kf3 Rxa2 33. Ne5 Bb5 34. d6 Kf8 35. h4 Ke8 36. Ke4 a5 37. g5 Rh2 38. Bb6 Rxh4+ 39. Kd5 a4 40. Kc5 Bd7 41. Ba5 Rh5 0-1